Petit Bac - Lettre X - Statistiques

Statistiques générales
  • Ce quiz a été pris 1 318 fois
  • Le résultat moyen est 3 sur 8
Statistiques - réponses
Catégories : Réponses en X % Correct
Prénom Xaviere / Xaviera / Xenia / Xaverine / Xena / Xana / Xabina / Xavier / Xari / Xaverius / Xablier / Xaveer / Xever / Xidi / Xavier / Ximun / Xander / Xabi / Xan / Xaver / Xaverl / Xabier / Xalbat / Xanti / Xandra / Xavera
99%
Objet X-box / Xaxon / Xlyphone / Xylophone / Xylophène / Xérès / Xelophane
81%
Marque Xerox / Xiaomi / Xbox / Xilam / Xperia / X Hamster / Xena / XLS Medical / Xilan / Xmen / Xanax / Xylam / Xiantia / Xenor / X Lite
54%
Métier Xénobiologiste / Xylophoniste / Xylographe / Xénothérapeute
36%
Animal Xénope / Xérus / Xipho / Xylocope /
24%
Fruit ou Légume Ximenia
5%
Sport Xare
4%
Partie du corps Xiphoïde
4%
Aucun quiz correspondant
Distribution des résultats
% des personnes avec chaque résultat
Percentile par nombre de réponses
Votre historique - résultats
Vous n’avez pas pris ce quiz